<?xml version="1.0" encoding="UTF-8"?>
<record
    xmlns:xsi="http://www.w3.org/2001/XMLSchema-instance"
    xsi:schemaLocation="http://www.loc.gov/MARC21/slim http://www.loc.gov/standards/marcxml/schema/MARC21slim.xsd"
    xmlns="http://www.loc.gov/MARC21/slim">

  <leader>03512    a2200241   4500</leader>
  <controlfield tag="001">23177</controlfield>
  <controlfield tag="005">20260407155520.0</controlfield>
  <controlfield tag="008">260407a1979    arg                 spa d</controlfield>
  <controlfield tag="003">AR-UNSa-BCEJYS</controlfield>
  <datafield tag="040" ind1=" " ind2=" ">
    <subfield code="a">AR-UNSa-BCEJYS</subfield>
    <subfield code="b">spa</subfield>
    <subfield code="c">AR-UNSa-BCEJYS</subfield>
  </datafield>
  <datafield tag="080" ind1=" " ind2=" ">
    <subfield code="a">330</subfield>
    <subfield code="x">Econom&#xED;a en general</subfield>
  </datafield>
  <datafield tag="245" ind1="1" ind2="0">
    <subfield code="a">Curso de econom&#xED;a moderna</subfield>
  </datafield>
  <datafield tag="020" ind1=" " ind2=" ">
    <subfield code="a">84-03-18280-5</subfield>
  </datafield>
  <datafield tag="250" ind1=" " ind2=" ">
    <subfield code="a">16a. ed</subfield>
  </datafield>
  <datafield tag="264" ind1=" " ind2="1">
    <subfield code="a">Madrid :</subfield>
    <subfield code="b">Aguilar</subfield>
    <subfield code="c">1979</subfield>
  </datafield>
  <datafield tag="300" ind1=" " ind2=" ">
    <subfield code="a">xxvii, 1004 p.</subfield>
    <subfield code="c">24 cm.</subfield>
  </datafield>
  <datafield tag="505" ind1=" " ind2=" ">
    <subfield code="a">Parte I : Conceptos basicos de economia y la renta nacional : 1. Introducci&#xF3;n - 2. Los problemas centrales de toda la sociedad economica - 3. Funcionamiento del sistema de precios en una "economia mixta" - 4. Elementos de la oferta y la demanda - 5. Las rentas y niveles de vida - 6. Las empresas: su organizaci&#xF3;n e ingresos - 7. Los trabajadores y las relaciones industriales - 8. La funci&#xF3;n econ&#xF3;mica del estado: El gasto publico, la regulaci&#xF3;n de la actividad econ&#xF3;mica y la financiaci&#xF3;n del gasto - 9. La funci&#xF3;n econ&#xF3;mica del estado: Los impuestos federales y las haciendas locales - 10. La renta y productos nacionales - Parte II : La renta Nacional : Su determinaci&#xF3;n y sus fluctuaciones : 11. Ahorro, consumo e inversi&#xF3;n - 12. La determinaci&#xF3;n de la renta: la teoria del multiplicador simple - 13. La determinaci&#xF3;n de la renta: Politica fiscal, inflaci&#xF3;n y frugaldad- 14. El ciclo econ&#xF3;micon y su previsi&#xF3;n - 15. Precios y dinero - 16. El sistema bancario y de la creaci&#xF3;n de dep&#xF3;sitos - 17. La politica monetaria del banco central - 18. S&#xED;ntesis de la pol&#xED;tica monetaria y de la teoria de la renta - 19. Pol&#xED;tica fiscal y el pleno empleo sin inflaci&#xF3;n - Parte III: Formaci&#xF3;n de los precios del producto nacional y composici&#xF3;n de este preoducto : 20. Determinaci&#xF3;n del precio por la oferta y la demanda -21. La oferta y la demanda aplicadas a la agricultura  22. La teor&#xED;a de la utilidad y la demanda - 23. La oferta competitiva - 24. Analisis de los costes y la oferta a largo plazo - 25. El equilibrio de la empresa: casos de monopolio - 26. La competencia imperfecta y la politica antimonopolista - Parte IV: Distribuci&#xF3;n de la renta : Formaci&#xF3;n de los precios de los factores de la producci&#xF3;n : 27. Teor&#xED;a de la producci&#xF3;n y de la productividad marginal - 28. Formaci&#xF3;n de los precios de los factores de la producci&#xF3;n: rentas de la tierra y otros recursos naturales - 29. Los Salarios de competencia y las negociaciones colectivas - 30. El interes y el capital - 31. Beneficios y alicientes - 32. Ep&#xED;logo sobre la formaci&#xF3;n de precios en microeconomia - Parte V : El comercio y las finanzas internacionales : 33. La balaza de pagos internacionales - 34. El comercio internacional y la teoria de los costes comparativos - 35.Teor&#xED;as sobre protecci&#xF3;n arancelaria y libertad de comercio - 36. Los problemas economicos internacionales de la actualidad - Parte VI: Problemas econ&#xF3;micos actuales : 37. La teoria del crecimiento - 38. Problemas del crecimiento y desarrollo econ&#xF3;mico - 39. Problemas econ&#xF3;micos de la raza, las ciudades y la contaminaci&#xF3;n del medio ambiente - 40. La desigualdad economica: La pobreza, la abundancia, la calidad de la vida y la ecologia - 41. Pleno empleo y estabilidad de precios en la economia mixta - 42. Evoluci&#xF3;n de las doctrinas econ&#xF3;micas - 43. Los distintos sistemas econ&#xF3;micos.</subfield>
  </datafield>
  <datafield tag="942" ind1=" " ind2=" ">
    <subfield code="c">BK</subfield>
  </datafield>
  <datafield tag="590" ind1=" " ind2=" ">
    <subfield code="a">niveau_biblio:m niveau_hierar:0</subfield>
  </datafield>
  <datafield tag="100" ind1="1" ind2=" ">
    <subfield code="a">Samuelson, Paul A.</subfield>
  </datafield>
  <datafield tag="700" ind1="1" ind2=" ">
    <subfield code="a">Sampedro, Jos&#xE9; Luis</subfield>
  </datafield>
  <datafield tag="700" ind1="1" ind2=" ">
    <subfield code="a">Garc&#xED;a de Diego, Luis</subfield>
  </datafield>
  <datafield tag="999" ind1=" " ind2=" ">
    <subfield code="c">1091</subfield>
    <subfield code="d">1091</subfield>
  </datafield>
  <datafield tag="952" ind1=" " ind2=" ">
    <subfield code="0">0</subfield>
    <subfield code="1">0</subfield>
    <subfield code="4">0</subfield>
    <subfield code="7">0</subfield>
    <subfield code="a">BCEJYS</subfield>
    <subfield code="b">BCEJYS</subfield>
    <subfield code="c">16</subfield>
    <subfield code="d">2026-04-07</subfield>
    <subfield code="l">0</subfield>
    <subfield code="o">330 S187c 17ed.</subfield>
    <subfield code="p">L33112</subfield>
    <subfield code="r">2026-04-07 15:55:20</subfield>
    <subfield code="w">2026-04-07</subfield>
    <subfield code="y">L</subfield>
  </datafield>
  <datafield tag="952" ind1=" " ind2=" ">
    <subfield code="0">0</subfield>
    <subfield code="1">0</subfield>
    <subfield code="4">0</subfield>
    <subfield code="7">0</subfield>
    <subfield code="a">BCEJYS</subfield>
    <subfield code="b">BCEJYS</subfield>
    <subfield code="c">16</subfield>
    <subfield code="d">2026-04-07</subfield>
    <subfield code="l">0</subfield>
    <subfield code="o">330 S187c 17ed.</subfield>
    <subfield code="p">L28672</subfield>
    <subfield code="r">2026-04-07 15:55:20</subfield>
    <subfield code="w">2026-04-07</subfield>
    <subfield code="y">L</subfield>
  </datafield>
  <datafield tag="952" ind1=" " ind2=" ">
    <subfield code="0">0</subfield>
    <subfield code="1">0</subfield>
    <subfield code="4">0</subfield>
    <subfield code="7">0</subfield>
    <subfield code="a">BCEJYS</subfield>
    <subfield code="b">BCEJYS</subfield>
    <subfield code="c">16</subfield>
    <subfield code="d">2026-04-07</subfield>
    <subfield code="l">0</subfield>
    <subfield code="o">330 S187c 17ed.</subfield>
    <subfield code="p">L33111</subfield>
    <subfield code="r">2026-04-07 15:55:20</subfield>
    <subfield code="w">2026-04-07</subfield>
    <subfield code="y">L</subfield>
  </datafield>
  <datafield tag="952" ind1=" " ind2=" ">
    <subfield code="0">0</subfield>
    <subfield code="1">0</subfield>
    <subfield code="4">0</subfield>
    <subfield code="7">0</subfield>
    <subfield code="a">BCEJYS</subfield>
    <subfield code="b">BCEJYS</subfield>
    <subfield code="c">16</subfield>
    <subfield code="d">2026-04-07</subfield>
    <subfield code="l">0</subfield>
    <subfield code="o">330 S187c 17ed.</subfield>
    <subfield code="p">L28673</subfield>
    <subfield code="r">2026-04-07 15:55:20</subfield>
    <subfield code="w">2026-04-07</subfield>
    <subfield code="y">L</subfield>
  </datafield>
  <datafield tag="952" ind1=" " ind2=" ">
    <subfield code="0">0</subfield>
    <subfield code="1">0</subfield>
    <subfield code="4">0</subfield>
    <subfield code="7">0</subfield>
    <subfield code="a">BCEJYS</subfield>
    <subfield code="b">BCEJYS</subfield>
    <subfield code="c">16</subfield>
    <subfield code="d">2026-04-07</subfield>
    <subfield code="l">0</subfield>
    <subfield code="o">330 S187c 17ed.</subfield>
    <subfield code="p">L28674</subfield>
    <subfield code="r">2026-04-07 15:55:20</subfield>
    <subfield code="w">2026-04-07</subfield>
    <subfield code="y">L</subfield>
  </datafield>
</record>
